Tailoring Evidence-Based Local Adaptation Policies for Climate Change – an Urban Case Study of Košice

Vnímanie zmeny klímy sa skúmalo z rôznych perspektív, pričom sa vynaložilo značné úsilie na identifikáciu faktorov, ktoré prispievajú k rozdielom v informovanosti medzi jednotlivcami. Povedomie verejnosti je kľúčovým prvkom pri riešení zložitých problémov, ktoré si vyžadujú dodržiavanie v rámci širo...

Descripción completa

Guardado en:
Detalles Bibliográficos
Autor principal: Šebová, Miriam
Otros Autores: Tóth, Veronika, Korobaničová, Iveta
Formato: Capítulo de libro
Lenguaje:inglés
Materias:
Etiquetas: Agregar Etiqueta
Sin Etiquetas, Sea el primero en etiquetar este registro!

MARC

LEADER 00000naa a2200000 4500
001 0303179
005 20240725104821.8
041 0 |a eng 
044 |a SK 
245 1 0 |a Tailoring Evidence-Based Local Adaptation Policies for Climate Change – an Urban Case Study of Košice  |c Miriam Šebová, Veronika Tóth, Iveta Korobaničová 
520 |a Vnímanie zmeny klímy sa skúmalo z rôznych perspektív, pričom sa vynaložilo značné úsilie na identifikáciu faktorov, ktoré prispievajú k rozdielom v informovanosti medzi jednotlivcami. Povedomie verejnosti je kľúčovým prvkom pri riešení zložitých problémov, ktoré si vyžadujú dodržiavanie v rámci širokého spektra sektorov a jednotlivcov. Náš výskum sa zameriava na informovanosť o zmene klímy a participáciu medzi rôznymi socioekonomickými skupinami v meste Košice na Slovensku. Výskum vychádza z dotazníkového prieskumu realizovaného v rokoch 2019 až 2020. Vzorka participantov bola upravená tak, aby odrážala sociodemografickú štruktúru Košičanov a pomocou klastrovej analýzy latentných tried boli identifikované štyri typy respondentov. Zistilo sa, že tieto skupiny sa líšia v miere zraniteľnosti voči nepriaznivým podmienkam spôsobeným klimatickými zmenami. Táto štúdia objasňuje, ako rôzne skupiny občanov vnímajú hrozbu dopadov zmeny klímy na ich každodenný život a ako sa prispôsobujú. Zistenia môžu politici na národnej aj miestnej úrovni použiť pri navrhovaní a navrhovaní sociálne spravodlivých opatrení, ktoré odrážajú potreby všetkých hlavných skupín občanov. 
610 2 0 |a prostredie životné 
610 2 0 |a občania 
610 2 0 |a mestá 
610 2 0 |a Slovensko 
100 1 |a Šebová, Miriam 
700 1 |a Tóth, Veronika 
700 1 |a Korobaničová, Iveta